<?xml version="1.0" encoding="UTF-8"?>
<record
    xmlns:xsi="http://www.w3.org/2001/XMLSchema-instance"
    xsi:schemaLocation="http://www.loc.gov/MARC21/slim http://www.loc.gov/standards/marcxml/schema/MARC21slim.xsd"
    xmlns="http://www.loc.gov/MARC21/slim">

  <leader>02253nam a2200277 i 4500</leader>
  <controlfield tag="001">204115</controlfield>
  <controlfield tag="003">ES-MaBCM</controlfield>
  <controlfield tag="005">20231019062716.0</controlfield>
  <controlfield tag="008">170328t2016     sp||||| |||| 00| 0 spa d</controlfield>
  <datafield tag="017" ind1=" " ind2=" ">
    <subfield code="a">B.8862-2016</subfield>
  </datafield>
  <datafield tag="020" ind1=" " ind2=" ">
    <subfield code="a">978-84-15663-53-9</subfield>
  </datafield>
  <datafield tag="021" ind1=" " ind2=" ">
    <subfield code="a">xx</subfield>
  </datafield>
  <datafield tag="035" ind1=" " ind2=" ">
    <subfield code="a">(OCoLC)978433100</subfield>
  </datafield>
  <datafield tag="040" ind1=" " ind2=" ">
    <subfield code="c">ES-MaBCM</subfield>
  </datafield>
  <datafield tag="100" ind1="1" ind2=" ">
    <subfield code="9">121023</subfield>
    <subfield code="a">Iglesias Cavicchioli, Manuel</subfield>
  </datafield>
  <datafield tag="245" ind1="1" ind2="3">
    <subfield code="a">La visi&#xF3;n neoconservadora de las relaciones internacionales y la pol&#xED;tica exterior de los Estados Unidos</subfield>
    <subfield code="c">Manuel Iglesias Cavicchioli</subfield>
  </datafield>
  <datafield tag="260" ind1=" " ind2=" ">
    <subfield code="a">Barcelona :</subfield>
    <subfield code="b">Huygens ,</subfield>
    <subfield code="c">2016</subfield>
  </datafield>
  <datafield tag="300" ind1=" " ind2=" ">
    <subfield code="a">280 p. ;</subfield>
    <subfield code="c">24 cm</subfield>
  </datafield>
  <datafield tag="490" ind1="0" ind2=" ">
    <subfield code="a">Colecci&#xF3;n Ciencia pol&#xED;tica</subfield>
  </datafield>
  <datafield tag="504" ind1=" " ind2=" ">
    <subfield code="a">Bibliograf&#xED;a: p. [255]-280</subfield>
  </datafield>
  <datafield tag="520" ind1=" " ind2=" ">
    <subfield code="a">En los &#xFA;ltimos a&#xF1;os, el neoconservadurismo se ha convertido en un concepto clave para entender la pol&#xED;tica exterior de los EE.UU. y, en consecuencia, para analizar el propio devenir de las relaciones internacionales de la primera d&#xE9;cada del siglo XXI. El 11-S, la guerra de Afganist&#xE1;n y especialmente la guerra de Irak han situado al neoconservadurismo en el primer plano del debate pol&#xED;tico internacional. Nos hallamos ante un movimiento pol&#xED;tico y una concepci&#xF3;n te&#xF3;rica que ha desempe&#xF1;ado un papel crucial en la formulaci&#xF3;n e implementaci&#xF3;n de la pol&#xED;tica exterior de la primera superpotencia mundial en un periodo reciente marcado por la alta conflictividad internacional y por la m&#xE1;xima securitizaci&#xF3;n de la agenda. &#xBF;Estamos ante un subtipo de alguna de las escuelas te&#xF3;ricas tradicionales como el realismo o el liberalismo?; &#xBF;cabe considerar al neoconservadurismo como una verdadera teor&#xED;a de las relaciones internacionales o estamos, &#xFA;nicamente ante una serie de ideas generales en torno a la pol&#xED;tica exterior americana? En las p&#xE1;ginas de esta obra, encontraremos respuesta a estas y otras cuestiones: el autor clarificar&#xE1; qu&#xE9; entendemos exactamente por neoconservadurismo, cu&#xE1;l ha sido su evoluci&#xF3;n, y realizar&#xE1; un an&#xE1;lisis sistem&#xE1;tico de la concepci&#xF3;n neoconservadora con el objetivo de encontrar su lugar en la teor&#xED;a de las relaciones internacionales.</subfield>
  </datafield>
  <datafield tag="650" ind1="2" ind2="7">
    <subfield code="a">Conservadurismo</subfield>
    <subfield code="9">58075</subfield>
  </datafield>
  <datafield tag="650" ind1="2" ind2="7">
    <subfield code="a">Pol&#xED;tica internacional</subfield>
    <subfield code="9">59837</subfield>
  </datafield>
  <datafield tag="651" ind1=" " ind2="4">
    <subfield code="a">Estados Unidos</subfield>
    <subfield code="9">115376</subfield>
  </datafield>
  <datafield tag="942" ind1=" " ind2=" ">
    <subfield code="c">BK</subfield>
    <subfield code="2">udc</subfield>
  </datafield>
  <datafield tag="999" ind1=" " ind2=" ">
    <subfield code="c">204115</subfield>
    <subfield code="d">204115</subfield>
  </datafield>
  <datafield tag="952" ind1=" " ind2=" ">
    <subfield code="0">0</subfield>
    <subfield code="1">0</subfield>
    <subfield code="2">udc</subfield>
    <subfield code="4">0</subfield>
    <subfield code="7">0</subfield>
    <subfield code="a">BC</subfield>
    <subfield code="b">BC</subfield>
    <subfield code="c">SALA</subfield>
    <subfield code="d">2017-03-28</subfield>
    <subfield code="e">C</subfield>
    <subfield code="l">1</subfield>
    <subfield code="o">59336</subfield>
    <subfield code="p">1071650</subfield>
    <subfield code="r">2017-08-02 00:00:00</subfield>
    <subfield code="s">2017-06-26</subfield>
    <subfield code="w">2017-03-28</subfield>
    <subfield code="y">BK</subfield>
  </datafield>
</record>
